ARRUPE JESUIT UNIVERSITY

CORONAVIRUS -STOP THE SPREAD - CLEAN,DISINFECT,COVER

A Spirituality for contemporary life (Record no. 8251)

MARC details
000 -LEADER
fixed length control field 00667nam a2200229Ia 4500
003 - CONTROL NUMBER IDENTIFIER
control field 0100
008 - FIXED-LENGTH DATA ELEMENTS--GENERAL INFORMATION
fixed length control field 130303s9999 xx 000 0 und d
020 ## - INTERNATIONAL STANDARD BOOK NUMBER
International Standard Book Number 924768029
040 ## - CATALOGING SOURCE
Transcribing agency ARRUPELIB
050 ## - LIBRARY OF CONGRESS CALL NUMBER
Classification number BX3703.S651991
300 ## - PHYSICAL DESCRIPTION
Other physical details 98 p. 22 cm
100 ## - MAIN ENTRY--PERSONAL NAME
Personal name Fleming, David L
245 #2 - TITLE STATEMENT
Title A Spirituality for contemporary life
245 ## - TITLE STATEMENT
Remainder of title the Jesuit heritage today
260 ## - PUBLICATION, DISTRIBUTION, ETC. (IMPRINT)
Place of publication, distribution, etc St. Louis
260 ## - PUBLICATION, DISTRIBUTION, ETC. (IMPRINT)
Name of publisher, distributor, etc Review for Religious
260 ## - PUBLICATION, DISTRIBUTION, ETC. (IMPRINT)
-- 1991
300 ## - PHYSICAL DESCRIPTION
Extent xii
650 ## - SUBJECT ADDED ENTRY--TOPICAL TERM
Topical term following geographic name as entry element Nicaragua -- History -- Revolution, 1979 -- Literature and the revolution Nicaragua -- History -- Revolution, 1979 -- Miscellanea
700 ## - ADDED ENTRY--PERSONAL NAME
Personal name David L. Fleming
942 00 - ADDED ENTRY ELEMENTS (KOHA)
Koha issues (borrowed), all copies 2
Holdings
Withdrawn status Lost status Source of classification or shelving scheme Damaged status Not for loan Collection code Home library Current library Shelving location Date acquired Total Checkouts Full call number Barcode Date last seen Date checked out Copy number Price effective from Koha item type
    Library of Congress Classification     Main Collection ARRUPE LIBRARY ARRUPE LIBRARY   04/03/2013 3 BX3703.S651991 46003024069 18/11/2019 28/10/2019 1 04/03/2013 Monograph ( Printed materials)

 

Arrupe Library. PO Box MP320 Mt Pleasant, Harare, Zimbabwe
263 242 745411|librarian@aju.ac.zw